The Bitcoin Gospel (Record no. 333303)
[ view plain ]
| 000 -LEADER | |
|---|---|
| fixed length control field | 00500nam a2200097Ia 4500 |
| 008 - FIXED-LENGTH DATA ELEMENTS--GENERAL INFORMATION | |
| fixed length control field | 170517s9999 xx 000 0 und d |
| 245 #4 - TITLE STATEMENT | |
| Title | The Bitcoin Gospel |
| 300 ## - PHYSICAL DESCRIPTION | |
| Extent | A devoted group of entrepreneurs and activists believe they see the writing on the wall, and they're determined to add a new chapter. In their view, the world banks and governments harbor too much control over the financial vitality... |
| 650 ## - SUBJECT ADDED ENTRY--TOPICAL TERM | |
| General subdivision | Business and Economics. |
| 856 ## - ELECTRONIC LOCATION AND ACCESS | |
| Uniform Resource Identifier | <a href="http://topdocumentaryfilms.com/bitcoin-gospel/">http://topdocumentaryfilms.com/bitcoin-gospel/</a> |
| Withdrawn status | Lost status | Damaged status | Home library | Current library | Date acquired | Total Checkouts | Date last seen | Price effective from | Koha item type |
|---|---|---|---|---|---|---|---|---|---|
| College Library | College Library | 05/17/2017 | 05/17/2017 | 05/17/2017 | Documentary Films |